[Event "41st IT Bosna 2011"]
[Site "Sarajevo"]
[Date "2011.05.10"]
[Round "7.11"]
[White "Fauland, Alexander"]
[Black "Solak, Dragan"]
[Result "0-1"]
[WhiteElo "2478"]
[BlackElo "2588"]
[PlyCount "160"]
[EventDate "2011.05.03"]

1. d4 d6 2. Nf3 g6 3. g3 Bg7 4. Bg2 Nf6 5. b3 c5 6. Bb2 cxd4 7. Nxd4 d5 8. O-O
O-O 9. c4 e5 10. Nb5 a6 11. N5c3 d4 12. Nd5 Nc6 13. e3 Be6 14. Nxf6+ Bxf6 15.
exd4 exd4 16. Qf3 Ne5 17. Qxb7 Rb8 18. Qxa6 Nxc4 19. Ba3 Rb6 20. Qa7 Nxa3 21.
Nxa3 d3 22. Rad1 Rd6 23. Nc4 Rd4 24. Ne3 d2 25. Qc5 Qd7 26. Qc6 Qa7 27. Bd5 Rc8
28. Qb7 Qxb7 29. Bxb7 Rc7 30. Ba6 Bh3 31. Bc4 Bd8 32. Rb1 Bxf1 33. Kxf1 Re7 34.
Ke2 Ba5 35. Kd1 Bb4 36. Kc2 Re5 37. Rd1 Kg7 38. Kb2 Rd8 39. a3 Bc5 40. Kc2 Bxa3
41. Rxd2 Rxd2+ 42. Kxd2 Bc5 43. Ke2 Re7 44. Kf3 Ra7 45. h3 Kf8 46. h4 Ra1 47.
Nd5 Ra2 48. Ne3 Rb2 49. Bd5 Kg7 50. Bc4 Rd2 51. Be2 Rb2 52. Bc4 Bb4 53. Nd1 Rd2
54. Be2 Bc5 55. Ne3 f6 56. Bc4 Rb2 57. Nd1 Rd2 58. Ne3 h5 59. g4 hxg4+ 60. Nxg4
f5 61. Ne3 Kf6 62. Bg8 Rd4 63. Ng2 Rg4 64. Bc4 Bd6 65. Bd5 Kg7 66. Ke2 Rd4 67.
Bc4 Kh6 68. Bg8 Re4+ 69. Kf3 Rg4 70. Bd5 Be7 71. Ke2 Rd4 72. Bc4 Bxh4 73. f4
Be7 74. Ke3 Re4+ 75. Kf3 Bd6 76. Bd3 Rd4 77. Ke3 Bc5 78. Ke2 Kh5 79. Bc4 Kg4
80. Bf7 Rd6 0-1

[Event "41st IT Bosna 2011"]
[Site "Sarajevo"]
[Date "2011.05.10"]
[Round "7.12"]
[White "Rapport, Richard"]
[Black "Georgiev, Kiril"]
[Result "1/2-1/2"]
[WhiteElo "2552"]
[BlackElo "2656"]
[PlyCount "156"]
[EventDate "2011.05.03"]

1. e4 e5 2. Bc4 Nf6 3. d3 Nc6 4. Nf3 Bc5 5. Nc3 d6 6. Bg5 h6 7. Bxf6 Qxf6 8.
Nd5 Qd8 9. c3 Ne7 10. d4 Nxd5 11. dxc5 Nf4 12. g3 Nh3 13. cxd6 cxd6 14. Ng1 Ng5
15. Qe2 O-O 16. O-O-O Be6 17. Bd5 Qe7 18. h4 Nh7 19. g4 Rac8 20. g5 Bxd5 21.
Rxd5 hxg5 22. hxg5 Qxg5+ 23. Kb1 Qg2 24. Qf3 Qxf3 25. Nxf3 Rc6 26. Rhd1 Nf6 27.
Rxd6 Rxd6 28. Rxd6 Nxe4 29. Rd7 f6 30. Rxb7 Rf7 31. Rb8+ Kh7 32. c4 Rc7 33. b3
g5 34. a4 g4 35. Nh4 Nxf2 36. a5 Ne4 37. Kc2 g3 38. Kd3 Nd6 39. Ke2 Rg7 40. Kf1
Ne4 41. a6 Nc5 42. Rf8 Rg4 43. Rf7+ Kg8 44. Rxa7 Rxh4 45. Ra8+ Kg7 46. a7 Rh1+
47. Kg2 Ra1 48. Rc8 Ra2+ 49. Kh3 g2 50. Kh2 Rxa7 51. Rxc5 Ra2 52. b4 e4 53. Ra5
Rc2 54. Ra1 f5 55. Rb1 e3 56. b5 e2 57. Re1 Rxc4 58. Kxg2 Rb4 59. Rxe2 Kf6 60.
Kf3 Rxb5 61. Re3 Rb4 62. Ra3 Kg5 63. Kg2 Kg4 64. Kf2 Rb2+ 65. Kf1 Rb1+ 66. Kg2
Rb2+ 67. Kf1 f4 68. Rc3 Rh2 69. Kg1 Re2 70. Kf1 Re3 71. Rxe3 fxe3 72. Ke2 Kf4
73. Ke1 Kf3 74. Kf1 Ke4 75. Ke2 Kd4 76. Ke1 Kd3 77. Kd1 e2+ 78. Ke1 Ke3 1/2-1/2

[Event "41st IT Bosna 2011"]
[Site "Sarajevo"]
[Date "2011.05.10"]
[Round "7.13"]
[White "Can, Emre"]
[Black "Abergel, Thal"]
[Result "1/2-1/2"]
[WhiteElo "2487"]
[BlackElo "2506"]
[PlyCount "145"]
[EventDate "2011.05.03"]

1. e4 c5 2. c3 e6 3. d4 d5 4. exd5 exd5 5. Nf3 Nc6 6. Bb5 Bd6 7. dxc5 Bxc5 8.
O-O Nge7 9. Nbd2 Bg4 10. Qa4 Bd7 11. Nb3 Bb6 12. Re1 O-O 13. Be3 Bc7 14. Bf4
Bb6 15. Be3 Nf5 16. Bxb6 Qxb6 17. Rad1 Be6 18. Bd3 Rad8 19. Qf4 Nce7 20. Re2
Ng6 21. Qa4 Bd7 22. Qa5 Nf4 23. Red2 Qg6 24. Bf1 Rde8 25. Qc7 Qg4 26. g3 Qxf3
27. Qxd7 Re6 28. Nd4 Nxd4 29. Rxd4 g5 30. Qxb7 Rfe8 31. Rxd5 Nxd5 32. Qxd5 Qf6
33. Qd4 Qxd4 34. Rxd4 Re1 35. Kg2 Rb1 36. Rd2 Ree1 37. Be2 Rh1 38. Bg4 Kg7 39.
h3 Rbg1+ 40. Kf3 Rd1 41. Rc2 Rc1 42. Rd2 Rhd1 43. Re2 Re1 44. Rd2 Rcd1 45. Rc2
Kg6 46. Bc8 f5 47. g4 fxg4+ 48. hxg4 Kf6 49. a4 Ke5 50. Ba6 Ra1 51. Bb5 a6 52.
Bxa6 Rxa4 53. Be2 Re4 54. Bd3 Rf4+ 55. Kg3 Rg1+ 56. Kh2 Rgxg4 57. Re2+ Kf6 58.
b4 h5 59. Rd2 Rf3 60. b5 Rh4+ 61. Kg2 Rhh3 62. b6 Rxd3 63. b7 Rhg3+ 64. Kf1
Rxd2 65. b8=Q Rgd3 66. Qh8+ Kg6 67. Qe8+ Kf5 68. Qxh5 Rxc3 69. Qf7+ Kg4 70. Kg2
Rg3+ 71. Kf1 Rc3 72. Kg2 Rg3+ 73. Kf1 1/2-1/2

[Event "41st IT Bosna 2011"]
[Site "Sarajevo"]
[Date "2011.05.10"]
[Round "7.14"]
[White "Smeets, Jan"]
[Black "Popovic, Dusan"]
[Result "1/2-1/2"]
[WhiteElo "2647"]
[BlackElo "2553"]
[PlyCount "65"]
[EventDate "2011.05.03"]

1. e4 c5 2. Nf3 d6 3. d4 cxd4 4. Nxd4 Nf6 5. Nc3 a6 6. Be3 e5 7. Nf3 Qc7 8. a4
Be7 9. Be2 O-O 10. O-O b6 11. Bg5 Nbd7 12. Nh4 g6 13. Nf3 Bb7 14. Nd2 Kg7 15.
Bc4 h6 16. Bxf6+ Nxf6 17. Qe2 Rfc8 18. Rfe1 Qc5 19. Rad1 Qb4 20. Bb3 Qc5 21.
Qc4 Qxc4 22. Nxc4 Rc6 23. Ne3 Rc5 24. Ncd5 Bxd5 25. Bxd5 Ra7 26. f3 Kf8 27. Bb3
Rc6 28. g3 Bd8 29. Bc4 Ke7 30. Kf1 Rc8 31. Rd3 b5 32. axb5 Bb6 33. Nd5+ 1/2-1/2

[Event "41st IT Bosna 2011"]
[Site "Sarajevo"]
[Date "2011.05.10"]
[Round "7.15"]
[White "Erdos, Viktor"]
[Black "Bogut, Zeljko"]
[Result "1-0"]
[WhiteElo "2609"]
[BlackElo "2433"]
[PlyCount "112"]
[EventDate "2011.05.03"]

1. d4 c5 2. d5 e6 3. c4 Nf6 4. Nc3 exd5 5. cxd5 d6 6. Nf3 g6 7. Nd2 Bg7 8. e4
O-O 9. Be2 Na6 10. O-O Nc7 11. a4 b6 12. Nc4 Ba6 13. Bg5 Bxc4 14. Bxc4 h6 15.
Bh4 a6 16. Re1 Qd7 17. Bf1 Nh7 18. Bg3 b5 19. axb5 Nxb5 20. Qa4 Rab8 21. Qxa6
Nxc3 22. bxc3 Rfd8 23. Qc4 Nf6 24. e5 Nh5 25. e6 Qe7 26. Bh4 g5 27. Be2 Nf6 28.
Bg3 fxe6 29. dxe6 d5 30. Qd3 Rb6 31. Bf3 Rxe6 32. Rxe6 Qxe6 33. h3 c4 34. Qg6
Qe8 35. Qf5 Qd7 36. Qg6 Qe8 37. Qc2 Qe6 38. Rd1 h5 39. Qc1 g4 40. Re1 Qf5 41.
hxg4 hxg4 42. Bd1 Ne4 43. Bc2 Re8 44. Qa3 Bf8 45. Qa4 Re6 46. Qd7 Bg7 47. Qc8+
Kh7 48. Bxe4 dxe4 49. Qxc4 e3 50. fxe3 Bh6 51. e4 Qg6 52. Qd5 Bg7 53. e5 Bf8
54. c4 Rc6 55. Qe4 Bb4 56. Re2 Kh6 1-0

[Event "41st IT Bosna 2011"]
[Site "Sarajevo"]
[Date "2011.05.10"]
[Round "7.16"]
[White "Dizdarevic, Emir"]
[Black "Perunovic, Milos"]
[Result "1/2-1/2"]
[WhiteElo "2493"]
[BlackElo "2578"]
[PlyCount "46"]
[EventDate "2011.05.03"]

1. Nf3 Nf6 2. g3 d5 3. Bg2 c6 4. O-O Bg4 5. c4 e6 6. cxd5 exd5 7. h3 Bxf3 8.
exf3 Be7 9. Qb3 Qb6 10. Qe3 Qxe3 11. dxe3 Na6 12. Nc3 Nc5 13. Rd1 O-O 14. e4
dxe4 15. fxe4 Rfd8 16. Be3 Nfd7 17. f4 Nb6 18. b3 Ne6 19. e5 Bc5 20. Kf2 f6 21.
f5 Bd4 22. Bxd4 Nxd4 23. exf6 Nxf5 1/2-1/2

[Event "41st IT Bosna 2011"]
[Site "Sarajevo"]
[Date "2011.05.10"]
[Round "7.17"]
[White "Lafuente, Pablo"]
[Black "Sutkovic, Damir"]
[Result "1-0"]
[WhiteElo "2555"]
[BlackElo "2320"]
[PlyCount "43"]
[EventDate "2011.05.03"]

1. d4 Nf6 2. c4 d6 3. Nc3 Bf5 4. g3 Qc8 5. Bg2 e5 6. d5 Be7 7. e4 Bd7 8. f4
exf4 9. gxf4 O-O 10. Nf3 Bh3 11. Qe2 Re8 12. Rg1 Bf8 13. Bxh3 Qxh3 14. Rg3 Qh5
15. Rg5 Qh3 16. Bd2 Nbd7 17. O-O-O h6 18. Rg3 Qh5 19. Rdg1 g6 20. Qg2 Nxe4 21.
Rh3 Qf5 22. Nh4 1-0

[Event "41st IT Bosna 2011"]
[Site "Sarajevo"]
[Date "2011.05.10"]
[Round "7.18"]
[White "Dumpor, Atif"]
[Black "Nevednichy, Vladislav"]
[Result "0-1"]
[WhiteElo "2383"]
[BlackElo "2542"]
[PlyCount "78"]
[EventDate "2011.05.03"]

1. d4 Nf6 2. Nf3 g6 3. g3 Bg7 4. Bg2 O-O 5. O-O d6 6. c4 c6 7. Nc3 Bf5 8. Re1
Ne4 9. Qb3 Nxc3 10. bxc3 Bc8 11. e4 Nd7 12. Bg5 h6 13. Bf4 e5 14. Be3 c5 15.
Rad1 Qc7 16. dxe5 Nxe5 17. Nxe5 dxe5 18. Qb5 b6 19. f4 Bg4 20. Rd5 Be6 21. Red1
Rad8 22. a4 Bxd5 23. cxd5 f5 24. Qc4 Kh7 25. Rf1 Qd6 26. a5 Rde8 27. h4 exf4
28. Bxf4 Be5 29. exf5 gxf5 30. Qa6 Rf7 31. axb6 Bxf4 32. Rxf4 axb6 33. Qd3 Qe5
34. Be4 fxe4 35. Rxf7+ Kg8 36. Qf1 Qxg3+ 37. Kh1 Qxh4+ 38. Kg1 Qg4+ 39. Kh2
Qh5+ 0-1

[Event "41st IT Bosna 2011"]
[Site "Sarajevo"]
[Date "2011.05.10"]
[Round "7.20"]
[White "Nezad, Husein Aziz"]
[Black "Kanmazalp, Ogulcan"]
[Result "0-1"]
[WhiteElo "2433"]
[BlackElo "2404"]
[PlyCount "52"]
[EventDate "2011.05.03"]

1. d4 Nf6 2. c4 g6 3. Nc3 Bg7 4. e4 d6 5. Bd3 O-O 6. Nge2 Nc6 7. O-O Nh5 8. Be3
e5 9. d5 Nd4 10. Nb5 Nxe2+ 11. Bxe2 Nf4 12. Nxa7 Qg5 13. Bf3 Rxa7 14. Bxa7 b6
15. h4 Nh3+ 16. Kh2 Qxh4 17. g3 Qh6 18. Kg2 Nf4+ 19. gxf4 Bh3+ 20. Kg1 exf4 21.
a4 Re8 22. Bg2 Qg5 23. Qf3 Bg4 24. Qd3 f3 25. Qe3 Qh5 26. Ra3 Be5 0-1

[Event "41st IT Bosna 2011"]
[Site "Sarajevo"]
[Date "2011.05.10"]
[Round "7.21"]
[White "Stojanovic, Dalibor"]
[Black "Bejtovic, Jasmin"]
[Result "0-1"]
[WhiteElo "2503"]
[BlackElo "2413"]
[PlyCount "122"]
[EventDate "2011.05.03"]

1. e4 c5 2. Nf3 Nc6 3. Bb5 g6 4. Bxc6 dxc6 5. d3 Bg7 6. h3 Nf6 7. Nc3 Nd7 8.
Be3 e5 9. Qd2 Qe7 10. Bh6 Bxh6 11. Qxh6 f6 12. Nh4 Qf8 13. Qd2 Qd6 14. g3 Nf8
15. f4 Ne6 16. Ne2 Bd7 17. O-O-O O-O-O 18. f5 Ng5 19. g4 b6 20. Qe3 gxf5 21.
Nxf5 Bxf5 22. gxf5 Rhg8 23. Rhg1 Nf7 24. b3 Qe7 25. Rg3 Rxg3 26. Qxg3 Nd6 27.
Rg1 Rd7 28. Qe3 Qf8 29. Rg4 Kb7 30. c4 Nf7 31. Kc2 Qh6 32. Qxh6 Nxh6 33. Rg1
Kc7 34. a3 Kd6 35. Nc3 Rd8 36. b4 Rg8 37. Rxg8 Nxg8 38. b5 Ne7 39. bxc6 Kxc6
40. Nd5 Ng8 41. a4 a5 42. Kd2 Kb7 43. Ke3 Kc6 44. Kf3 Kb7 45. Kg4 Kc6 46. Kh5
Kb7 47. Nxf6 Nxf6+ 48. Kg5 Nd7 49. Kh6 b5 50. cxb5 c4 51. dxc4 Nf6 52. c5 Nxe4
53. c6+ Kc7 54. Kh5 Nf6+ 55. Kh4 Nd5 56. Kg3 e4 57. Kg4 h5+ 58. Kg3 Kd6 59. h4
Ke5 60. f6 Kxf6 61. c7 Nxc7 0-1

[Event "41st IT Bosna 2011"]
[Site "Sarajevo"]
[Date "2011.05.10"]
[Round "7.23"]
[White "Terzic, Ilijas"]
[Black "Nestorovic, Lazar"]
[Result "1/2-1/2"]
[WhiteElo "2224"]
[BlackElo "2419"]
[PlyCount "110"]
[EventDate "2011.05.03"]

1. d4 Nf6 2. Nf3 e6 3. Bg5 b6 4. e3 Bb7 5. Bd3 h6 6. Bh4 Be7 7. c4 Ne4 8. Bxe7
Qxe7 9. Nfd2 Nxd2 10. Nxd2 Qg5 11. Rg1 O-O 12. Qe2 c5 13. f4 Qe7 14. dxc5 Nc6
15. g4 Nb4 16. Bb1 Qh4+ 17. Rg3 bxc5 18. a3 Na6 19. Bc2 d5 20. Nf3 Qe7 21. g5
g6 22. Ne5 h5 23. Bxg6 fxg6 24. Nxg6 Qg7 25. Ne5 Rf5 26. Qxh5 Rxe5 27. fxe5
dxc4 28. Qh6 Qxe5 29. Qg6+ Kf8 30. O-O-O Be4 31. Qf6+ Qxf6 32. gxf6 Kf7 33. Rd6
Rh8 34. Rg4 Bd3 35. Rxa6 Kxf6 36. Rxa7 Rxh2 37. Rf4+ Ke5 38. Rb7 Re2 39. a4
Rxe3 40. Rf2 Re1+ 41. Kd2 Ra1 42. Rb5 Rxa4 43. Rxc5+ Kd4 44. Rc8 Rb4 45. Rd8+
Ke4 46. Kc1 Rb7 47. Rh2 e5 48. Rh4+ Kf3 49. Rf8+ Kg3 50. Rhh8 e4 51. Rhg8+ Kh2
52. Rh8+ Kg2 53. Rhg8+ Kh2 54. Rf6 Rh7 55. Kd2 Rh3 1/2-1/2

[Event "41st IT Bosna 2011"]
[Site "Sarajevo"]
[Date "2011.05.10"]
[Round "7.24"]
[White "Slingerland, Fred"]
[Black "Bandic, Adnan"]
[Result "0-1"]
[WhiteElo "2415"]
[BlackElo "2210"]
[PlyCount "48"]
[EventDate "2011.05.03"]

1. e4 e5 2. Nf3 Nf6 3. Nc3 Nc6 4. Bb5 Bc5 5. O-O d6 6. d4 exd4 7. Nxd4 Bd7 8.
Nb3 Bb6 9. Bg5 h6 10. Bh4 a6 11. Be2 g5 12. Bg3 Ne5 13. Qd2 Bc6 14. Bd3 Nh5 15.
Nd5 Nxg3 16. hxg3 Bxd5 17. exd5 Qf6 18. Rae1 O-O-O 19. c3 h5 20. Nd4 h4 21. f4
Nxd3 22. Qxd3 hxg3 23. fxg5 Rh1+ 24. Kxh1 Qh8+ 0-1

[Event "41st IT Bosna 2011"]
[Site "Sarajevo"]
[Date "2011.05.10"]
[Round "7.25"]
[White "Kozarcanin, Sead"]
[Black "Firat, Burak"]
[Result "0-1"]
[WhiteElo "2131"]
[BlackElo "2380"]
[PlyCount "74"]
[EventDate "2011.05.03"]

1. Nf3 d5 2. d3 Nf6 3. Nbd2 Bf5 4. g3 h6 5. Bg2 e6 6. O-O Be7 7. c4 c6 8. b3
O-O 9. Bb2 Bh7 10. Qe1 Nbd7 11. Rc1 a5 12. a3 Qb6 13. Rb1 Qa6 14. Qc1 Rfc8 15.
Ne5 b5 16. Nxd7 Nxd7 17. Ra1 a4 18. b4 c5 19. bxc5 Nxc5 20. Qd1 bxc4 21. dxc4
Ne4 22. Bxe4 Bxe4 23. Rc1 Qb7 24. Bd4 Bg6 25. cxd5 Rxc1 26. Qxc1 Qxd5 27. Qc3
Bf8 28. Rc1 Rd8 29. Be3 Qb5 30. Qc7 Rd5 31. Qc8 Qxe2 32. Nf1 Be4 33. Nd2 Bf5
34. Qc3 Rd3 35. Qa5 Rxe3 36. fxe3 Bh3 37. Qa8 Qxd2 0-1

[Event "41st IT Bosna 2011"]
[Site "Sarajevo"]
[Date "2011.05.10"]
[Round "7.27"]
[White "Bistric, Faruk"]
[Black "Bucan, Eldin"]
[Result "1-0"]
[WhiteElo "2376"]
[BlackElo "2177"]
[PlyCount "83"]
[EventDate "2011.05.03"]

1. e4 e5 2. Nf3 Nf6 3. d4 Nxe4 4. Bd3 d5 5. Nxe5 Bd6 6. Nd2 Qe7 7. O-O O-O 8.
Nxe4 dxe4 9. Bxe4 Bxe5 10. dxe5 Qxe5 11. Re1 Qf6 12. Qh5 g6 13. Qh6 Nd7 14. Bg5
Qxb2 15. Bd5 Qg7 16. Qh4 h5 17. Rad1 Nb6 18. Bf6 Qh7 19. Bb3 c6 20. Re7 Nd5 21.
Bxd5 cxd5 22. Qg5 Be6 23. h4 Rfc8 24. c3 b5 25. Re1 Rc6 26. Qxd5 Rcc8 27. R1xe6
Qh6 28. Re4 Qf8 29. Bd4 b4 30. Qe5 Qh6 31. Re8+ Rxe8 32. Qxe8+ Qf8 33. Qxf8+
Kxf8 34. cxb4 Rc8 35. Bxa7 Rc1+ 36. Kh2 f5 37. Re2 Rc4 38. Kh3 Kf7 39. Bc5 f4
40. a4 Kf6 41. Ra2 Rc1 42. Kh2 1-0

[Event "41st IT Bosna 2011"]
[Site "Sarajevo"]
[Date "2011.05.10"]
[Round "7.28"]
[White "Kamberovic, Senad"]
[Black "Tucakovic, Mario"]
[Result "1-0"]
[WhiteElo "2272"]
[BlackElo "2005"]
[PlyCount "103"]
[EventDate "2011.05.03"]

1. d4 Nf6 2. Nf3 e6 3. e3 b6 4. Bd3 Bb7 5. Nbd2 g6 6. O-O Bg7 7. b3 d6 8. Bb2
O-O 9. Qe2 c5 10. Rfd1 Nc6 11. a3 Nh5 12. Ba6 Qe7 13. Bxb7 Qxb7 14. Nc4 Rad8
15. dxc5 Bxb2 16. Nxb2 dxc5 17. Qc4 Nf6 18. Qh4 Kg7 19. Nd3 Qc7 20. Qc4 Nd5 21.
g3 Rd7 22. Re1 Rfd8 23. Qh4 Nf6 24. Qc4 Nd5 25. e4 Na5 26. Qa6 Ne7 27. Nde5 Rd6
28. Ng4 h5 29. e5 Rc6 30. Nf6 Nd5 31. Ne4 c4 32. b4 Qb8 33. Nd4 Rdc8 34. Nxc6
Rxc6 35. Qb5 Nc7 36. Qa4 b5 37. Qxa5 Ra6 38. Qxa6 Nxa6 39. Nf6 Nc7 40. Rad1 Ne8
41. Nxe8+ Qxe8 42. h4 Qa8 43. Re3 a5 44. bxa5 Qxa5 45. Rd7 Qa8 46. Kh2 Qc6 47.
Rd4 Qc5 48. Rf4 g5 49. hxg5 Kg6 50. Rf6+ Kxg5 51. Kh3 h4 52. f4+ 1-0

[Event "41st IT Bosna 2011"]
[Site "Sarajevo"]
[Date "2011.05.10"]
[Round "7.30"]
[White "Prohaszka, Peter"]
[Black "Arat, Ufuk Sezen"]
[Result "1-0"]
[WhiteElo "2547"]
[BlackElo "2053"]
[PlyCount "120"]
[EventDate "2011.05.03"]

1. d4 Nf6 2. c4 g6 3. Nc3 Bg7 4. e4 d6 5. Nf3 O-O 6. Be2 e5 7. O-O Nc6 8. Be3
Ng4 9. Bg5 f6 10. Bh4 g5 11. Bg3 Nh6 12. dxe5 dxe5 13. Qb3 g4 14. Rad1 Bd7 15.
c5+ Kh8 16. Nh4 Nd4 17. Qxb7 a5 18. Qd5 Be6 19. Qxd8 Rfxd8 20. b3 Bf8 21. Bc4
Bxc4 22. bxc4 c6 23. f4 gxf3 24. gxf3 Bxc5 25. Kh1 Nc2 26. Ng2 Na3 27. Rc1 Rd2
28. Be1 Rd3 29. Bh4 Kg7 30. Ne2 f5 31. f4 fxe4 32. fxe5 Rf3 33. Ng3 Rxf1+ 34.
Rxf1 e3 35. Bf6+ Kg8 36. Ne4 Ng4 37. Nf4 Nf2+ 38. Nxf2 exf2 39. Nd3 Bd4 40.
Nxf2 Nxc4 41. Ng4 h5 42. e6 hxg4 43. Bxd4 Re8 44. Rf6 Nd6 45. Rh6 Kf8 46. e7+
Rxe7 47. Rxd6 Re2 48. Bc5 Ke8 49. a3 Rc2 50. Bb6 Rc3 51. Kg2 a4 52. Bd4 Rxa3
53. Rxc6 Rd3 54. Bf2 a3 55. Ra6 Rb3 56. Ra4 Kf7 57. Rxg4 a2 58. Ra4 Rb2 59. Kf3
Kg6 60. Bg3 Rb3+ 1-0

[Event "41st IT Bosna 2011"]
[Site "Sarajevo"]
[Date "2011.05.10"]
[Round "7.32"]
[White "Kislik, Erik Andrew"]
[Black "Pestek, Elvis"]
[Result "1-0"]
[WhiteElo "2347"]
[BlackElo "2006"]
[PlyCount "109"]
[EventDate "2011.05.03"]

1. e4 e6 2. d4 d5 3. Nc3 Nf6 4. e5 Nfd7 5. f4 c5 6. Nf3 Nc6 7. Be3 a6 8. Qd2 b5
9. a3 Qc7 10. Nd1 cxd4 11. Nxd4 Nxd4 12. Bxd4 Bc5 13. c3 Nb6 14. b3 Bd7 15. Bd3
O-O 16. Bc2 Rac8 17. Qd3 g6 18. Bxc5 Qxc5 19. h4 d4 20. h5 Kg7 21. Qh3 Rh8 22.
Qh4 Nd5 23. Be4 Qe7 24. Bxd5 Qxh4+ 25. Rxh4 exd5 26. h6+ Kf8 27. cxd4 Bf5 28.
Ne3 Be4 29. Kd2 Ke7 30. Rhh1 Rc6 31. Rhc1 Rhc8 32. g4 f6 33. Rxc6 Rxc6 34. Rc1
Rxc1 35. Kxc1 g5 36. exf6+ Kxf6 37. f5 a5 38. Kd2 b4 39. axb4 axb4 40. Ke2 Ke7
41. Kf2 Kf6 42. Kg3 Ke7 43. Kf2 Kf6 44. Ke1 Ke7 45. Nd1 Bc2 46. Nf2 Bxb3 47.
Nd3 Bc2 48. Nxb4 Be4 49. Kf2 Kf6 50. Kg3 Ke7 51. Na2 Kd6 52. Nc3 Bh1 53. Nd1
Be4 54. Nf2 Bc2 55. Nh3 1-0

[Event "41st IT Bosna 2011"]
[Site "Sarajevo"]
[Date "2011.05.10"]
[Round "7.33"]
[White "Kruskic, Mirsad"]
[Black "Vukmirovic, Dusan"]
[Result "1-0"]
[WhiteElo "2216"]
[BlackElo "2087"]
[PlyCount "87"]
[EventDate "2011.05.03"]

1. c4 e6 2. Nf3 d5 3. d4 f5 4. g3 Nf6 5. Bg2 c6 6. O-O Bd6 7. b3 O-O 8. Bb2 Bd7
9. e3 Be8 10. Nc3 Bh5 11. Qc2 Ne4 12. Ne1 b5 13. Ne2 Nd7 14. f3 Nef6 15. Nd3 g5
16. Ne5 Rc8 17. Rac1 Bg6 18. c5 Bb8 19. Nxg6 hxg6 20. e4 Kg7 21. Rce1 Qc7 22.
e5 Nh7 23. Qd2 Qd8 24. Bc1 Kf7 25. Kf2 Rh8 26. Rh1 Qe7 27. h4 gxh4 28. Rxh4
Rcg8 29. Reh1 Rg7 30. f4 Bc7 31. Ng1 Ndf8 32. Nf3 Rhg8 33. Qe1 Bd8 34. Rh6 Qc7
35. Bd2 Ke8 36. R1h3 g5 37. fxg5 Nxg5 38. Nxg5 Bxg5 39. Bxg5 Rxg5 40. Bf3 Qg7
41. Qa5 Rxg3 42. Bh5+ Ke7 43. Qc7+ Nd7 44. Rxe6+ 1-0

[Event "41st IT Bosna 2011"]
[Site "Sarajevo"]
[Date "2011.05.10"]
[Round "7.34"]
[White "Mrndjic, Muamer"]
[Black "Koksal, Ege"]
[Result "1-0"]
[WhiteElo "2182"]
[BlackElo "2004"]
[PlyCount "93"]
[EventDate "2011.05.03"]

1. d4 Nf6 2. c4 e6 3. Nf3 b6 4. g3 Bb7 5. Bg2 Be7 6. O-O O-O 7. Qc2 Qc8 8. Nc3
d6 9. e4 Nbd7 10. Bg5 h6 11. Bf4 c5 12. d5 Ba6 13. dxe6 fxe6 14. b3 e5 15. Bc1
Nb8 16. Nd5 Nc6 17. Nxe7+ Nxe7 18. Rd1 Qc7 19. Nh4 Nc6 20. Nf5 Nd4 21. Nxd4
cxd4 22. Qe2 Bc8 23. h3 Nd7 24. f4 Nc5 25. f5 Bb7 26. Bd2 a5 27. Rf1 Bc6 28.
Rae1 Qb7 29. g4 b5 30. h4 bxc4 31. bxc4 Qb2 32. Rf2 Qc2 33. g5 Nd3 34. Ref1
Nxf2 35. Rxf2 hxg5 36. hxg5 g6 37. Qg4 Qxc4 38. Qh3 Rab8 39. fxg6 Rb7 40. Rxf8+
Kxf8 41. Qh8+ Qg8 42. Qf6+ Ke8 43. Bxa5 Rb1+ 44. Kh2 Rb8 45. Qxd6 Qh8+ 46. Kg3
Rc8 47. Qe6+ 1-0

[Event "41st IT Bosna 2011"]
[Site "Sarajevo"]
[Date "2011.05.10"]
[Round "7.35"]
[White "Yurtseven, Melih"]
[Black "Sadikovic, Samir"]
[Result "1-0"]
[WhiteElo "2050"]
[BlackElo "2167"]
[PlyCount "113"]
[EventDate "2011.05.03"]

1. e4 c5 2. Nf3 Qc7 3. c4 d6 4. d4 Bg4 5. Be3 cxd4 6. Bxd4 Nc6 7. Be3 g6 8. Nc3
Bg7 9. Be2 Nf6 10. O-O O-O 11. Rc1 Rac8 12. a3 Rfd8 13. h3 Bxf3 14. Bxf3 Qb8
15. Nd5 Nd7 16. b4 e6 17. Nc3 Nce5 18. Nb5 Nxc4 19. Bxa7 Qa8 20. Bd4 e5 21. Ba1
Qa6 22. a4 Ncb6 23. Rxc8 Nxc8 24. Be2 Qc6 25. Nc3 Nf6 26. Bb5 Qc7 27. Qb3 Na7
28. Bc4 Rc8 29. Bd3 Nc6 30. Nb5 Qe7 31. Rd1 Rd8 32. Bb1 Bf8 33. Bc3 Nh5 34. g3
Ng7 35. Bd3 Ne6 36. Bc4 Ng5 37. Bd5 Nxh3+ 38. Kg2 Ng5 39. Na3 Qd7 40. Rh1 Qg4
41. Qd1 Qxd1 42. Rxd1 Ra8 43. a5 Ne6 44. Nc4 Ned4 45. Bxd4 exd4 46. b5 Nd8 47.
Rxd4 Ne6 48. Rd1 Nc5 49. a6 Ra7 50. axb7 Nd7 51. e5 Ra4 52. Nxd6 Rb4 53. e6 Nb8
54. exf7+ Kh8 55. Bc6 Kg7 56. Ne8+ Kxf7 57. Rd8 1-0

[Event "41st IT Bosna 2011"]
[Site "Sarajevo"]
[Date "2011.05.10"]
[Round "7.39"]
[White "Colpa, Husein"]
[Black "Marjanovic, Dejan"]
[Result "0-1"]
[WhiteElo "1990"]
[BlackElo "2149"]
[PlyCount "108"]
[EventDate "2011.05.03"]

1. d4 Nf6 2. c4 g6 3. Nf3 Bg7 4. Nc3 O-O 5. e4 d6 6. Be2 Nbd7 7. O-O e5 8. Re1
a5 9. Bg5 h6 10. Be3 Kh7 11. dxe5 dxe5 12. Qc2 Ng4 13. Bc1 Ngf6 14. Rd1 Nh5 15.
g3 c6 16. c5 Qe8 17. Na4 f5 18. exf5 gxf5 19. g4 e4 20. gxh5 exf3 21. Bxf3 Ne5
22. Be2 Be6 23. Nb6 Rd8 24. Bf4 Qe7 25. Bg3 Kh8 26. f4 Ng4 27. Bxg4 fxg4 28.
Qf2 Rxd1+ 29. Rxd1 Rd8 30. Rd2 Rxd2 31. Qxd2 Qxc5+ 32. Bf2 Qxh5 33. b3 Qf5 34.
Bd4 Qb1+ 35. Kf2 Qh1 36. Bxg7+ Kxg7 37. Qc3+ Kf7 38. Qg3 Qa1 39. f5 Qxa2+ 40.
Ke1 Qb1+ 41. Kd2 Qb2+ 42. Ke1 Qc1+ 43. Ke2 Qc2+ 44. Ke1 Qe4+ 45. Kd2 Qxf5 46.
Qc7+ Kg6 47. Qxb7 Qf2+ 48. Kd3 Bf5+ 49. Kc4 Qc2+ 50. Kd4 Qe4+ 51. Kc3 Qd3+ 52.
Kb2 Qc2+ 53. Ka3 Qc1+ 54. Ka2 Qb1+ 0-1

[Event "41st IT Bosna 2011"]
[Site "Sarajevo"]
[Date "2011.05.10"]
[Round "7.40"]
[White "Brkic, Mustafa"]
[Black "Hadzialic, Benjamin"]
[Result "1-0"]
[WhiteElo "2143"]
[BlackElo "1702"]
[PlyCount "57"]
[EventDate "2011.05.03"]

1. b3 Nf6 2. Bb2 e6 3. e3 d5 4. f4 c5 5. Nf3 Nc6 6. Bb5 Be7 7. Bxc6+ bxc6 8.
Nc3 Qc7 9. O-O O-O 10. Na4 Ba6 11. d3 Bb5 12. Be5 Qd7 13. Nb2 a5 14. c4 Ba6 15.
Na4 Rfd8 16. Nb6 Qb7 17. Nxa8 Qxa8 18. Qe2 Qb7 19. Rab1 Qd7 20. Rfd1 h6 21. Bc3
Ra8 22. Qe1 Qa7 23. Bxa5 Bxc4 24. bxc4 Qxa5 25. Rb8+ Kh7 26. Qxa5 Rxa5 27. Rb7
Ng8 28. Rd2 Ra8 29. Ne5 1-0

[Event "41st IT Bosna 2011"]
[Site "Sarajevo"]
[Date "2011.05.10"]
[Round "7.41"]
[White "Dedijer, Mira"]
[Black "Hadzovic, Amir"]
[Result "0-1"]
[WhiteElo "1968"]
[BlackElo "2143"]
[PlyCount "72"]
[EventDate "2011.05.03"]

1. e4 e5 2. Nf3 Nc6 3. Bb5 a6 4. Ba4 Nf6 5. O-O Be7 6. Re1 b5 7. Bb3 d6 8. c3
O-O 9. d4 Bg4 10. d5 Na5 11. Bc2 Nd7 12. h3 Bxf3 13. Qxf3 Bg5 14. Nd2 Nb6 15.
a4 c5 16. dxc6 Nxc6 17. axb5 axb5 18. Rxa8 Qxa8 19. Qd3 b4 20. Nc4 Nxc4 21.
Qxc4 Bxc1 22. Rxc1 bxc3 23. bxc3 Qa3 24. Rd1 Na5 25. Qc7 Qb2 26. Qxa5 Qxc2 27.
Qd5 Qxc3 28. Qxd6 g6 29. f3 Kg7 30. Rd5 f6 31. Qe6 Qe3+ 32. Kf1 Rb8 33. Qd7+
Kh6 34. Rb5 Ra8 35. Qb7 Ra1+ 36. Rb1 Qd3+ 0-1

[Event "41st IT Bosna 2011"]
[Site "Sarajevo"]
[Date "2011.05.10"]
[Round "7.42"]
[White "Strinic, Halid"]
[Black "Hajdarevic, Samir"]
[Result "1-0"]
[WhiteElo "1903"]
[BlackElo "2143"]
[PlyCount "121"]
[EventDate "2011.05.03"]

1. e4 c5 2. Nf3 d6 3. d4 cxd4 4. Nxd4 Nf6 5. Bd3 a6 6. c4 Nbd7 7. Nc3 Ne5 8.
Be2 e6 9. Be3 Qc7 10. f4 Ned7 11. O-O Be7 12. Rc1 h5 13. Kh1 b6 14. f5 Ne5 15.
fxe6 fxe6 16. Qb3 Rb8 17. Bg1 Nc6 18. Qa4 Bd7 19. Qxa6 Nxd4 20. Bxd4 e5 21. Bg1
Qc6 22. Bd3 h4 23. Nd5 Bd8 24. Nxf6+ gxf6 25. Qb5 h3 26. Qxc6 hxg2+ 27. Kxg2
Bxc6 28. Rf3 Rb7 29. Rcf1 Rh4 30. Re1 Rbh7 31. Kf1 Bd7 32. Ree3 Ke7 33. Rg3 Bg4
34. Kg2 Be6 35. Re1 Kd7 36. b3 Kc6 37. a4 Bh3+ 38. Kf3 Rf4+ 39. Ke3 Be6 40. Kd2
Rfh4 41. Rf1 Bh3 42. Rf2 Be7 43. Kc3 Rg4 44. Rxg4 Bxg4 45. Rg2 Bf3 46. Rg3 Bh1
47. b4 Rh4 48. Rg7 Kd7 49. Bxb6 Rxh2 50. a5 Rh3 51. Kc2 Rh2+ 52. Kc1 Ra2 53.
Bc2 Ke8 54. Kb1 Rxc2 55. Kxc2 Bxe4+ 56. Kc3 Kf8 57. Rg1 f5 58. b5 d5 59. cxd5
Bxd5 60. a6 f4 61. Rd1 1-0